Rating of machinery and plant in England and Wales, July 1928 (Record no. 93479)

MARC details
000 -LEADER
fixed length control field 00456cam a2200181 4500
001 - CONTROL NUMBER
control field D5529
008 - FIXED-LENGTH DATA ELEMENTS--GENERAL INFORMATION
fixed length control field 090401t1928 xxu||||| |||| 00| 0 eng d
035 ## - SYSTEM CONTROL NUMBER
System control number (Sirsi) u54484
041 ## - LANGUAGE CODE
Language code of text/sound track or separate title eng
050 ## - LIBRARY OF CONGRESS CALL NUMBER
Classification number 336.213
100 ## - MAIN ENTRY--PERSONAL NAME
Personal name Henderson, John Scott
245 ## - TITLE STATEMENT
Title Rating of machinery and plant in England and Wales, July 1928
260 ## - PUBLICATION, DISTRIBUTION, ETC.
Place of publication, distribution, etc. London
Name of publisher, distributor, etc. Rating & Income Tax
Date of publication, distribution, etc. 1928
300 ## - PHYSICAL DESCRIPTION
Extent 43p. 22cm
350 ## - PRICE (NR) (BK AM CF MU VM SE) [OBSOLETE]
Price 0
942 ## - ADDED ENTRY ELEMENTS (KOHA)
Suppress in OPAC 0
948 ## - LOCAL PROCESSING INFORMATION (OCLC); SERIES PART DESIGNATOR (RLIN)
c (OCLC) 04/03/1997
Holdings
Withdrawn status Lost status Source of classification or shelving scheme Damaged status Not for loan Home library Current library Shelving location Date acquired Total Checkouts Full call number Barcode Date last seen Copy number Price effective from Koha item type
    Dewey Decimal Classification     London London Basement 15/08/1991   SHELF 116 30005585 06/08/2019 1 06/08/2019 Reference material